000 00614nam a22002057a 4500
003 OSt
005 20230928113837.0
008 230928b |||||||| |||| 00| 0 eng d
020 _a9780323675192
040 _cDNLM
082 _aQY25 P141m 2021
100 _aDeska, Pagana Kathleen; Pagana, Timothy J.; Pagana, Theresa Noel
_916659
245 _aMosby's Diagnostic & Laboratory Test Reference
250 _a15th ed.
260 _aMissouri; Elservier, 2021
300 _axxiv,1063p;
_bCol.ill:
_c19.5cm
500 _aAppendices, & index included
650 _aLaboratory diagnosis
_92306
942 _2z
_cO_SHELF
999 _c8160
_d8160